000 00541nam a2200193Ia 4500
005 20250326141317.0
008 250326s9999 xx 000 0 und d
020 _a81-7230-069-7
037 _aTextbook
040 _aFMSL
_beng
_cFMSL
041 _aeng
_2eng
084 _aX:74 N5
_qFMSL
100 _aPrasad B
_9204803
245 0 _aManagement Challenges in 21st Century
_cPrasad B; Jain S.c.
260 _aJaipur
_bJaipur, Arihant Pub. House
_c1995
300 _a317p
942 _cTB
_hX:74 N5
999 _c1289711
_d1289711